Xã hội học quản lý
Saved in:
| Main Author: | |
|---|---|
| Format: | Book |
| Language: | Undetermined |
| Published: |
Hà Nội
Đại học Quốc gia Hà Nội
2004
|
| Subjects: | |
| Tags: |
Add Tag
No Tags, Be the first to tag this record!
|
| Institutions: | Trung tâm Học liệu Trường Đại học Cần Thơ |
|---|
| LEADER | 00571nam a2200205Ia 4500 | ||
|---|---|---|---|
| 001 | CTU_104365 | ||
| 008 | 210402s9999 xx 000 0 und d | ||
| 020 | |c 29500 | ||
| 082 | |a 305 | ||
| 082 | |b Qu106 | ||
| 100 | |a Vũ, Hào Quang | ||
| 245 | 0 | |a Xã hội học quản lý | |
| 245 | 0 | |c Vũ Hào Quang | |
| 260 | |a Hà Nội | ||
| 260 | |b Đại học Quốc gia Hà Nội | ||
| 260 | |c 2004 | ||
| 650 | |a Social structure,Social classes | ||
| 650 | |x Research,Research | ||
| 904 | |i Minh | ||
| 980 | |a Trung tâm Học liệu Trường Đại học Cần Thơ | ||